[Event "Hull 4NCL International"]
[Site "Hull"]
[Date "2021.10.22"]
[Round "1.14"]
[White "Brown, Geoffrey D"]
[Black "Lawrence, Spencer"]
[Result "1-0"]
[WhiteElo "1893"]
[BlackElo "1686"]
[PlyCount "93"]
[EventDate "2021.10.22"]

1. e4 c6 2. d4 d5 3. e5 Bf5 4. Nc3 e6 5. g4 Bg6 6. Nge2 h5 7. Nf4 Bh7 8. Nxh5
Nd7 9. h4 Qc7 10. Bd3 Bxd3 11. Qxd3 O-O-O 12. Bd2 g6 13. Ng3 Be7 14. h5 g5 15.
O-O-O Nh6 16. Qe2 Rdg8 17. Kb1 Kb8 18. f3 Ka8 19. Be1 Nb6 20. Rd3 Kb8 21. Nf1
Kc8 22. Bf2 Kd7 23. Nd2 Kc8 24. Nd1 Kd7 25. Ne3 Bb4 26. Rb3 Be7 27. c4 dxc4 28.
Nexc4 Nd5 29. Ne4 b6 30. Rc1 Rc8 31. Ned6 Rcf8 32. Bg3 f6 33. Ne3 Nf4 34. Qa6
Bxd6 35. exd6 Kxd6 36. Rbc3 Rf7 37. d5 exd5 38. Nxd5 Kxd5 39. Rd1+ Ke6 40. Re3+
Qe5 41. Rxe5+ fxe5 42. Qc4+ Kf6 43. Qxc6+ Kg7 44. Bxf4 Rf6 45. Bxe5 Rhf8 46.
Rd7+ Kg8 47. Bxf6 1-0

[Event "Hull 4NCL International"]
[Site "Hull"]
[Date "2021.10.22"]
[Round "1.15"]
[White "Webb, Nicholas"]
[Black "Turner, Tim M"]
[Result "1-0"]
[WhiteElo "1653"]
[BlackElo "1893"]
[PlyCount "95"]
[EventDate "2021.10.22"]

1. c4 Nf6 2. Nc3 g6 3. g3 Bg7 4. Bg2 d6 5. e4 c5 6. Nge2 Nc6 7. d3 Rb8 8. O-O
O-O 9. a4 Bg4 10. f3 Be6 11. Be3 Qc8 12. Qd2 Re8 13. Bh6 Bh8 14. g4 a6 15. h3
Nd4 16. Nxd4 cxd4 17. Ne2 Nd7 18. f4 Nc5 19. Ra3 b5 20. f5 Bd7 21. cxb5 axb5
22. a5 b4 23. Ra2 Bb5 24. Nf4 Bg7 25. Bxg7 Kxg7 26. Qxb4 e5 27. fxe6 fxe6 28.
Qd2 e5 29. b4 Na4 30. Nd5 Nc3 31. Rc2 Ba4 32. Rb2 Nxd5 33. exd5 Qc3 34. Rc1
Qxd2 35. Rxd2 Rxb4 36. Rc7+ Kg8 37. a6 Bb5 38. a7 Rb1+ 39. Kh2 Ra1 40. Be4 Ra8
41. Rb2 Be8 42. Rbb7 Ra2+ 43. Kg3 h5 44. Rb8 R2xa7 45. Rxe8+ Rxe8 46. Rxa7 hxg4
47. Bxg6 Rf8 48. hxg4 1-0

[Event "Hull 4NCL International"]
[Site "Hull"]
[Date "2021.10.22"]
[Round "1.16"]
[White "Arora, Tashika"]
[Black "Gallagher, Dominic"]
[Result "1-0"]
[WhiteElo "1889"]
[BlackElo "1624"]
[PlyCount "117"]
[EventDate "2021.10.22"]

1. d4 d5 2. Nf3 Nf6 3. c4 e6 4. g3 c6 5. Bg2 Nbd7 6. O-O Be7 7. Qc2 O-O 8. Nbd2
b6 9. e4 dxe4 10. Nxe4 Bb7 11. Nxf6+ Nxf6 12. Rd1 Rc8 13. Ne5 Qc7 14. f4 Rfd8
15. Bh3 c5 16. d5 exd5 17. Bxc8 Qxc8 18. cxd5 Bxd5 19. Be3 Ng4 20. Nxg4 Qxg4
21. Qf2 h5 22. Bd2 Bf6 23. Bc3 Bxc3 24. bxc3 Rd7 25. Rd2 h4 26. Rad1 Be6 27.
Rxd7 Bxd7 28. Qd2 Ba4 29. Qd8+ Kh7 30. Rd3 f6 31. Qe7 h3 32. Qe4+ f5 33. Qe7
Bb5 34. Rd8 Bc4 35. a3 a6 36. Qh4+ Qxh4 37. gxh4 b5 38. Rc8 a5 39. Rxc5 Bd3 40.
Rd5 Bc4 41. Rxf5 a4 42. Kf2 g6 43. Rc5 Kg7 44. Kg3 Bf1 45. h5 gxh5 46. Rxh5 Kf6
47. Re5 Kg6 48. Kg4 Kf6 49. Rc5 Ke6 50. Kg5 Bc4 51. Re5+ Kd6 52. Re3 Bf1 53. f5
Bc4 54. f6 Kc6 55. Re4 Bf7 56. Kh6 Kd5 57. Rb4 Ke5 58. Kg7 Bc4 59. Rxc4 1-0

[Event "Hull 4NCL International"]
[Site "Hull"]
[Date "2021.10.22"]
[Round "1.17"]
[White "Rich, Aaron"]
[Black "Gordon, Sean"]
[Result "0-1"]
[WhiteElo "1578"]
[BlackElo "1868"]
[PlyCount "116"]
[EventDate "2021.10.22"]

1. b3 d5 2. Bb2 Bf5 3. e3 e6 4. f4 Nf6 5. Nf3 Nbd7 6. Be2 Be7 7. O-O c5 8. Bd3
O-O 9. Bxf5 exf5 10. Ne5 Ne8 11. Qf3 Nb6 12. Qh5 f6 13. Nf3 Qd7 14. Nh4 Nd6 15.
Rf3 Qe8 16. Qxe8 Rfxe8 17. d3 c4 18. dxc4 dxc4 19. Ba3 g6 20. Nc3 Ne4 21. Bxe7
Rxe7 22. Nxe4 Rxe4 23. Rg3 Rd8 24. Nxf5 Rd2 25. Nd4 Nd5 26. Re1 Rdxd4 27. exd4
Rxe1+ 28. Kf2 Re4 29. bxc4 Rxf4+ 30. Ke2 Nb6 31. c5 Nd7 32. Ke3 Rf1 33. Ke2 Rb1
34. Re3 Kf7 35. a3 f5 36. h3 Nf6 37. Re5 Rg1 38. Kf2 Rc1 39. Re2 Ne4+ 40. Kf3
Ra1 41. Re3 Ra2 42. g4 Rxc2 43. gxf5 gxf5 44. Kf4 Rc3 45. Rxc3 Nxc3 46. Kxf5
Nb5 47. d5 Nxa3 48. c6 bxc6 49. dxc6 Nb5 50. Kg5 a5 51. Kh6 a4 52. Kxh7 a3 53.
c7 Nxc7 54. h4 a2 55. h5 a1=Q 56. h6 Qb1+ 57. Kh8 Qb8+ 58. Kh7 Qg8# 0-1

[Event "Hull 4NCL International"]
[Site "Hull"]
[Date "2021.10.22"]
[Round "1.18"]
[White "Cuaresma, Gerald"]
[Black "Sainbayar, Anuurai"]
[Result "1/2-1/2"]
[WhiteElo "1863"]
[BlackElo "1568"]
[PlyCount "64"]
[EventDate "2021.10.22"]

1. e4 c5 2. Nc3 g6 3. d4 Bg7 4. Nf3 cxd4 5. Nxd4 Nc6 6. Be3 Nf6 7. Nxc6 bxc6 8.
e5 Ng8 9. f4 Rb8 10. Bc4 Rxb2 11. O-O Qa5 12. Ne4 Rb4 13. Qd3 Nh6 14. c3 Rb7
15. Bc5 d5 16. exd6 Rd7 17. Bb4 Qb6+ 18. Kh1 Nf5 19. Bxf7+ Kxf7 20. Qc4+ Ke8
21. dxe7 Nxe7 22. Nd6+ Kd8 23. Nf7+ Kc7 24. Nxh8 Bxh8 25. Rfb1 c5 26. Bxc5 Qc6
27. Qb4 Bb7 28. Rb2 Nd5 29. Qa5+ Kc8 30. Bd4 Bxd4 31. cxd4 Ne3 32. Qc5 Nf5
1/2-1/2

[Event "Hull 4NCL International"]
[Site "Hull"]
[Date "2021.10.22"]
[Round "1.19"]
[White "Lacoult, Maxime"]
[Black "Georgiou, Denis"]
[Result "1-0"]
[WhiteElo "1428"]
[BlackElo "1863"]
[PlyCount "75"]
[EventDate "2021.10.22"]

1. b3 e5 2. Bb2 Nc6 3. e3 d5 4. Bb5 Bd6 5. f4 Qh4+ 6. g3 Qe7 7. Nf3 f6 8. fxe5
fxe5 9. Bxc6+ bxc6 10. Nxe5 Nf6 11. Nxc6 Qe4 12. O-O Bh3 13. Rf2 Ng4 14. Rf3
Nxh2 15. Kxh2 Bg4 16. Nd4 Bxf3 17. Qxf3 Qxf3 18. Nxf3 O-O 19. Kg2 Rf5 20. Nc3
Raf8 21. Rf1 c6 22. e4 dxe4 23. Nxe4 Bc7 24. Nh2 Rxf1 25. Nxf1 Bb6 26. d3 Rd8
27. g4 Bd4 28. Bxd4 Rxd4 29. Ne3 g6 30. Nc4 Kg7 31. Ne5 Rd8 32. Nxc6 Rc8 33.
Nd4 h6 34. Ne6+ Kg8 35. c4 Rc6 36. N6c5 Rd6 37. d4 Kf7 38. d5 1-0

[Event "Hull 4NCL International"]
[Site "Hull"]
[Date "2021.10.23"]
[Round "2.1"]
[White "Spanton, Tim R"]
[Black "Brown, Geoffrey D"]
[Result "1-0"]
[WhiteElo "1979"]
[BlackElo "1893"]
[PlyCount "73"]
[EventDate "2021.10.22"]

1. e4 c6 2. d4 d6 3. Nf3 Bg4 4. Bc4 Nf6 5. e5 d5 6. Bd3 Ne4 7. h3 Bh5 8. g4 Bg6
9. Nh4 e6 10. Nxg6 hxg6 11. Nd2 Nxd2 12. Bxd2 Be7 13. c3 Nd7 14. Qc2 Nf8 15.
O-O-O Qc7 16. f4 O-O-O 17. f5 c5 18. Rdf1 c4 19. Be2 Bh4 20. Qa4 Kb8 21. b3
cxb3 22. axb3 gxf5 23. gxf5 exf5 24. Rxf5 Be7 25. Kc2 f6 26. Bf4 Ne6 27. exf6
Nxf4 28. fxe7 Qxe7 29. Re5 Qh4 30. Ra1 Qf6 31. Qxa7+ Kc8 32. Bg4+ Kc7 33. Ra5
Qg6+ 34. Bf5 Qg2+ 35. Kb1 Qf1+ 36. Ka2 Ra8 37. Qc5+ 1-0

[Event "Hull 4NCL International"]
[Site "Hull"]
[Date "2021.10.23"]
[Round "2.2"]
[White "Arora, Tashika"]
[Black "Angheluta, Ovidiu"]
[Result "0-1"]
[WhiteElo "1889"]
[BlackElo "1970"]
[PlyCount "164"]
[EventDate "2021.10.22"]

1. d4 Nf6 2. c4 e6 3. g3 d5 4. Bg2 c6 5. Nf3 Bd6 6. O-O Nbd7 7. Qc2 O-O 8. Nbd2
Re8 9. cxd5 cxd5 10. Nb3 e5 11. dxe5 Nxe5 12. Nfd4 Bd7 13. Bd2 Rc8 14. Qd1 Ne4
15. Bf4 Qb6 16. Bxe5 Bxe5 17. e3 a5 18. f3 Nf6 19. Qd2 a4 20. Nc1 Bxd4 21. Qxd4
Qxd4 22. exd4 Rc2 23. Rd1 Rxb2 24. Nd3 Rb6 25. Ne5 Be6 26. Rab1 Rxb1 27. Rxb1
Re7 28. h4 Nh5 29. Kh2 f6 30. Ng4 Rc7 31. Rb4 Bd7 32. Ne3 Bc6 33. f4 Rd7 34.
Bf3 g6 35. f5 Ng7 36. Ng4 Kf7 37. fxg6+ hxg6 38. Bd1 b5 39. Rb2 Nf5 40. Rd2 Re7
41. Bf3 b4 42. Nf2 Rb7 43. Bd1 b3 44. axb3 axb3 45. Nd3 Nxd4 46. Nb2 Ne6 47.
Bf3 Ke7 48. Kg2 Kd6 49. Kf1 Ra7 50. Bd1 Nc5 51. Ke1 Ra1 52. g4 Rb1 53. h5 gxh5
54. gxh5 Be8 55. h6 Bg6 56. Ke2 Ke5 57. Ke3 f5 58. Rg2 f4+ 59. Kf3 Be4+ 60. Kg4
Nd7 61. Rd2 Nf6+ 62. Kg5 Nh7+ 63. Kg4 Nf6+ 64. Kg5 f3 65. Nd3+ Bxd3 66. Rxd3 f2
67. Be2 Rg1+ 68. Kh4 b2 69. Rb3 b1=Q 70. Rxb1 Rxb1 71. Bd3 Rg1 72. Be2 Kf4 73.
Kh3 f1=Q+ 74. Bxf1 Rxf1 75. Kg2 Re1 76. Kf2 Re7 77. Kg2 d4 78. Kf2 d3 79. Kg2
d2 80. Kf2 d1=Q 81. Kg2 Re2+ 82. Kh3 Qh1# 0-1

[Event "Hull 4NCL International"]
[Site "Hull"]
[Date "2021.10.23"]
[Round "2.3"]
[White "Gordon, Sean"]
[Black "Ortiz Sanchez, Luis"]
[Result "0-1"]
[WhiteElo "1868"]
[BlackElo "1962"]
[PlyCount "68"]
[EventDate "2021.10.22"]

1. d4 d5 2. c4 c6 3. Nc3 Nf6 4. e3 e6 5. Nf3 Nbd7 6. Be2 dxc4 7. a4 Bb4 8. Bxc4
O-O 9. O-O Qe7 10. Qb3 a5 11. Rd1 e5 12. d5 cxd5 13. Nxd5 Nxd5 14. Bxd5 Nc5 15.
Qc2 Bg4 16. e4 h6 17. Be3 Rac8 18. Rdc1 Rfd8 19. h3 Bh5 20. Nd2 Be2 21. f3 Nd3
22. Qxc8 Rxc8 23. Rxc8+ Kh7 24. Rb8 Bxd2 25. Bxd2 Qc5+ 26. Kh1 Qf2 27. Rg1 Bxf3
28. gxf3 Qxd2 29. Rg2 Qd1+ 30. Kh2 Qxf3 31. Rg3 Qf2+ 32. Rg2 Qf4+ 33. Kg1 Qe3+
34. Kh1 Nf4 0-1

[Event "Hull 4NCL International"]
[Site "Hull"]
[Date "2021.10.23"]
[Round "2.4"]
[White "Coates, Sam"]
[Black "Mcdonnell, James J"]
[Result "1-0"]
[WhiteElo "1959"]
[BlackElo "1858"]
[PlyCount "93"]
[EventDate "2021.10.22"]

1. e4 c5 2. Nf3 d6 3. Bb5+ Nd7 4. O-O a6 5. Bxd7+ Qxd7 6. c4 g6 7. Nc3 e6 8. a4
b6 9. d3 Bg7 10. Ne1 Ne7 11. f4 Qb7 12. Nf3 O-O 13. Qe2 Nc6 14. Bd2 Bd7 15. Be1
Rfe8 16. e5 Nd4 17. Nxd4 cxd4 18. Ne4 dxe5 19. Nd6 Qc7 20. Nxe8 Bxe8 21. Bg3
exf4 22. Bxf4 e5 23. Bg5 Qd6 24. Qf2 f5 25. Rfe1 Bc6 26. a5 b5 27. b3 f4 28.
Qh4 Re8 29. g3 Ba8 30. gxf4 Qc6 31. Re4 h6 32. Bxh6 Bxh6 33. Qxh6 Re7 34. Qg5
Qd7 35. Rae1 Bxe4 36. Rxe4 Rh7 37. Rxe5 Rf7 38. Kf2 Kg7 39. Kg3 bxc4 40. bxc4
Qb7 41. f5 Qh1 42. Qxg6+ Kf8 43. Qd6+ Kg7 44. Qg6+ Kf8 45. Qd6+ Kg7 46. Qxd4
Qc1 47. Re1+ 1-0

[Event "Hull 4NCL International"]
[Site "Hull"]
[Date "2021.10.23"]
[Round "2.5"]
[White "Doherty, Paul D"]
[Black "Garnett, John S"]
[Result "1/2-1/2"]
[WhiteElo "1780"]
[BlackElo "1927"]
[PlyCount "55"]
[EventDate "2021.10.22"]

1. d4 Nf6 2. c4 e5 3. dxe5 Ng4 4. Bf4 Nc6 5. Nf3 Bb4+ 6. Nbd2 Qe7 7. e3 Ngxe5
8. Nxe5 Nxe5 9. Be2 O-O 10. O-O Ng6 11. Bg3 Bd6 12. Nb3 Bxg3 13. hxg3 d6 14.
Nd4 Bd7 15. Bd3 Ne5 16. Bc2 Nc6 17. a3 Nxd4 18. Qxd4 b6 19. f3 Rfe8 20. Kf2 Qe5
21. Qd3 g6 22. b4 Rad8 23. f4 Qf6 24. Rae1 Bc6 25. e4 Re7 26. Re3 Rde8 27. Rfe1
Bb7 28. b5 1/2-1/2

[Event "Hull 4NCL International"]
[Site "Hull"]
[Date "2021.10.23"]
[Round "2.6"]
[White "Allison, Paul A"]
[Black "Cordova Lopez, Diego Anton"]
[Result "0-1"]
[WhiteElo "1779"]
[BlackElo "1911"]
[PlyCount "64"]
[EventDate "2021.10.22"]

1. e4 c5 2. d4 cxd4 3. c3 g6 4. Qxd4 Nf6 5. e5 Nc6 6. Qf4 Nd5 7. Qe4 Nb6 8. Nf3
Bg7 9. Bf4 O-O 10. Na3 Re8 11. O-O-O a6 12. e6 fxe6 13. Ng5 d5 14. Qe2 e5 15.
Be3 d4 16. Nc4 Qc7 17. Nxb6 Qxb6 18. Qc4+ e6 19. Bd2 Bd7 20. Qd3 Rac8 21. Qf3
Re7 22. Bc4 Qc5 23. Bb3 Na5 24. Ne4 Nxb3+ 25. axb3 Qd5 26. Kc2 Rf7 27. Qg4 d3+
28. Kb1 Qxb3 29. Nd6 Qc2+ 30. Ka1 Rf4 31. Bxf4 Rc5 32. Nxb7 Rc4 0-1

[Event "Hull 4NCL International"]
[Site "Hull"]
[Date "2021.10.23"]
[Round "2.7"]
[White "Carmichael, Ned"]
[Black "Webb, Nicholas"]
[Result "1/2-1/2"]
[WhiteElo "1900"]
[BlackElo "1653"]
[PlyCount "51"]
[EventDate "2021.10.22"]

{[%evp 0,41,39,-14,29,-8,8,-19,22,2,121,-12,-21,-62,36,14,121,121,176,223,173,
153,165,182,247,200,382,405,402,206,240,247,586,193,193,162,285,234,235,171,
200,28,408,-2]} 1. c4 b6 2. e4 Bb7 3. Nc3 e6 4. d4 f5 5. Bd3 Bb4 6. Qe2 Nc6 7.
Nf3 h6 8. exf5 Qf6 9. O-O O-O-O 10. fxe6 dxe6 11. Be3 Nge7 12. Ne4 Qf7 13. a3
Bd6 14. c5 Bf4 15. Ba6 Nd5 16. Bxb7+ Kxb7 17. b4 g5 18. cxb6 cxb6 19. b5 Na5
20. Ne5 Qg7 21. Nc4 Nxc4 22. Bxf4 Nxf4 23. Qxc4 Qxd4 24. Qc6+ Kb8 25. Ng3 Rd6
26. Qe4 1/2-1/2

[Event "Hull 4NCL International"]
[Site "Hull"]
[Date "2021.10.23"]
[Round "2.8"]
[White "Idle, Oscar J"]
[Black "Lacoult, Maxime"]
[Result "1-0"]
[WhiteElo "1996"]
[BlackElo "1428"]
[PlyCount "73"]
[EventDate "2021.10.22"]

1. d4 Nf6 2. c4 g6 3. g3 Bg7 4. Bg2 O-O 5. Nc3 c6 6. e4 d6 7. Nf3 Nbd7 8. O-O
e5 9. h3 Qb6 10. d5 Nc5 11. Ne1 Qb4 12. Qe2 b5 13. cxb5 cxd5 14. exd5 Bf5 15.
g4 Bd7 16. Nc2 Qa5 17. b4 Qc7 18. bxc5 Qxc5 19. Bb2 Rac8 20. Rac1 Bh6 21. Ne3
Qb4 22. a3 Qf4 23. Qf3 Qg5 24. a4 Qh4 25. Ba3 Bf4 26. Bxd6 h5 27. gxh5 g5 28.
Ne4 Nxe4 29. Qxe4 f5 30. Qb1 g4 31. Rxc8 Bxc8 32. Bxf8 gxh3 33. Bf3 Qg5+ 34.
Kh1 Kxf8 35. Rg1 Qh4 36. Nxf5 Qxf2 37. Qb4+ 1-0

[Event "Hull 4NCL International"]
[Site "Hull"]
[Date "2021.10.23"]
[Round "2.9"]
[White "Rich, Ben S"]
[Black "Winter, Kevin"]
[Result "1-0"]
[WhiteElo "1990"]
[BlackElo "1805"]
[PlyCount "59"]
[EventDate "2021.10.22"]

1. a3 e5 2. c4 g6 3. b4 Bg7 4. Bb2 d6 5. d3 Nf6 6. Qc2 O-O 7. Nf3 Nc6 8. e3 Bd7
9. Nbd2 Nh5 10. Be2 f5 11. c5 Qe7 12. Nb3 a6 13. O-O d5 14. Nfd2 Nf6 15. e4
Rad8 16. Rae1 fxe4 17. dxe4 dxe4 18. Nxe4 Nxe4 19. Qxe4 Bf5 20. Bc4+ Kh8 21.
Qe3 Qh4 22. Qc1 Bh6 23. f4 Bd3 24. Bxd3 Rxd3 25. Qc2 Rfd8 26. fxe5 Bg7 27. e6
Bxb2 28. Qxb2+ Nd4 29. Nxd4 R3xd4 30. e7 1-0

[Event "Hull 4NCL International"]
[Site "Hull"]
[Date "2021.10.23"]
[Round "2.10"]
[White "Holi, Siefaldin A"]
[Black "Klein, Raimund"]
[Result "0-1"]
[WhiteElo "1750"]
[BlackElo "1979"]
[PlyCount "83"]
[EventDate "2021.10.22"]

{[%evp 0,83,14,25,21,-11,51,32,37,35,34,47,47,25,40,27,35,7,12,12,16,4,-4,-11,
3,7,24,15,15,-99,-49,-36,9,-61,-43,-71,-43,-344,-344,-344,-341,-341,-340,-349,
-349,-349,-352,-450,-438,-477,-460,-454,-394,-394,-352,-440,-386,-386,-322,
-532,-345,-545,-555,-585,-579,-579,-500,-534,-534,-534,-534,-601,-576,-552,
-523,-519,-524,-524,-524,-531,-530,-563,-527,-735,-739,-747]} 1. d4 Nf6 2. c4
g6 3. Nc3 Bg7 4. Nf3 d6 5. e4 O-O 6. Be2 Nbd7 7. h3 e5 8. d5 a5 9. Be3 b6 10.
Qd2 Nc5 11. Qc2 Ne8 12. g4 f5 13. gxf5 gxf5 14. exf5 Bxf5 15. Qd2 Ne4 16. Qc1
Nxc3 17. bxc3 Be4 18. Qd1 Qf6 19. Ng5 Bxh1 20. Qc2 e4 21. Kd2 h6 22. Ne6 Bf3
23. Rg1 Rf7 24. Rg3 Bxe2 25. Kxe2 Kh8 26. Qxe4 Qf5 27. Qh4 Qc2+ 28. Kf1 Qf5 29.
Nf4 Nf6 30. Ng6+ Kh7 31. Nf4 Ne4 32. Rg4 Bf6 33. Qh5 Qxh5 34. Nxh5 Re8 35. Ke2
Bg5 36. f4 Bd8 37. Kd3 Nf6 38. Nxf6+ Bxf6 39. Rg3 Rg7 40. Rf3 Bh4 41. Bf2 Bxf2
42. Rxf2 {white lost on time} 0-1

[Event "Hull 4NCL International"]
[Site "Hull"]
[Date "2021.10.23"]
[Round "2.11"]
[White "Brencher, Paul"]
[Black "Dean, Robert A"]
[Result "1-0"]
[WhiteElo "1968"]
[BlackElo "1851"]
[PlyCount "89"]
[EventDate "2021.10.22"]

1. d4 d5 2. c4 c6 3. cxd5 cxd5 4. Bf4 Nc6 5. e3 e6 6. Nc3 Bb4 7. Bd3 Nf6 8. a3
Bxc3+ 9. bxc3 h6 10. h3 Qe7 11. Nf3 Bd7 12. O-O Rc8 13. c4 dxc4 14. Bxc4 Na5
15. Bb3 O-O 16. Ne5 Bb5 17. Re1 Rc3 18. Ba4 Ba6 19. Qd2 Ne4 20. Qb2 Rfc8 21.
Rec1 Rxc1+ 22. Rxc1 Rxc1+ 23. Qxc1 b6 24. f3 Nf6 25. e4 Qd8 26. Qc3 Qc8 27.
Qxc8+ Bxc8 28. Bd2 Nb7 29. Kf2 a6 30. Bc2 b5 31. Nc6 Kh7 32. Bb4 Ne8 33. Ke3
Nbd6 34. Bb3 Bb7 35. Ne5 Kg8 36. Kd3 Nc8 37. Nd7 Na7 38. d5 exd5 39. exd5 Bc8
40. Ne5 Bf5+ 41. Kd4 Nc8 42. g4 Bb1 43. Kc5 Ncd6 44. Kc6 f6 45. Bxd6 1-0

[Event "Hull 4NCL International"]
[Site "Hull"]
[Date "2021.10.23"]
[Round "2.12"]
[White "Patrick, David A"]
[Black "Ter Gevorkian, Edouardos"]
[Result "0-1"]
[WhiteElo "1843"]
[BlackElo "1945"]
[PlyCount "86"]
[EventDate "2021.10.22"]

1. e4 Nf6 2. e5 Nd5 3. d4 d6 4. Nf3 dxe5 5. Nxe5 c6 6. c3 Nd7 7. Nxd7 Bxd7 8.
Bd3 Qc7 9. O-O e6 10. g3 h5 11. Nd2 h4 12. Nc4 O-O-O 13. a3 f6 14. Be4 g5 15.
a4 Be7 16. Qe2 Rde8 17. Bd2 Rh6 18. Qf3 Reh8 19. g4 h3 20. Qg3 Nf4 21. Bxf4
gxf4 22. Qd3 Rg8 23. Kh1 Rg5 24. Rg1 Rh4 25. Bf3 e5 26. Rae1 Be6 27. dxe5 fxe5
28. b4 Rh8 29. Na3 Bf6 30. Qe2 Rd8 31. Rd1 Rdg8 32. c4 Be7 33. Bxc6 bxc6 34. c5
Bd5+ 35. Rxd5 cxd5 36. Qa6+ Kd7 37. Qb5+ Ke6 38. Qa6+ Kf7 39. Qh6 d4 40. Qh7+
R8g7 41. Qe4 Ke6 42. f3 Qd7 43. Qb7 Qxb7 0-1

[Event "Hull 4NCL International"]
[Site "Hull"]
[Date "2021.10.23"]
[Round "2.13"]
[White "Wynarczyk, Raymond"]
[Black "Crow, Stephen"]
[Result "1/2-1/2"]
[WhiteElo "1912"]
[BlackElo "1801"]
[PlyCount "53"]
[EventDate "2021.10.22"]

1. e4 e6 2. d4 d5 3. Nc3 Bb4 4. e5 c5 5. a3 Bxc3+ 6. bxc3 Ne7 7. a4 Qc7 8. Nf3
b6 9. Bb5+ Bd7 10. O-O Bxb5 11. axb5 a5 12. bxa6 Rxa6 13. Rxa6 Nxa6 14. Qe2 Nb8
15. Ba3 Nd7 16. Nh4 O-O 17. f4 Ra8 18. Bc1 Ra2 19. Be3 cxd4 20. Bxd4 Ng6 21.
Nxg6 hxg6 22. g4 Nc5 23. Rb1 Na4 24. Qb5 Nxc3 25. Bxc3 Qxc3 26. Qxb6 Qxc2 27.
Qd8+ 1/2-1/2

[Event "Hull 4NCL International"]
[Site "Hull"]
[Date "2021.10.23"]
[Round "2.14"]
[White "Cuaresma, Bien"]
[Black "Cuaresma, Gerald"]
[Result "0-1"]
[WhiteElo "1713"]
[BlackElo "1863"]
[PlyCount "72"]
[EventDate "2021.10.22"]

1. d4 Nf6 2. Nc3 d6 3. e4 Nbd7 4. f4 e5 5. Nf3 exd4 6. Nxd4 g6 7. Be2 Bg7 8.
O-O O-O 9. Bf3 c6 10. Nce2 Re8 11. Ng3 Nc5 12. Re1 Qb6 13. Kh1 h5 14. e5 dxe5
15. fxe5 Ng4 16. Bxg4 Bxg4 17. Qd2 h4 18. Nf1 Rad8 19. Qg5 Rxd4 20. Qxh4 Ne4
21. Be3 f5 22. h3 f4 23. Bxf4 Kf7 24. Be3 Bf5 25. Red1 Rxd1 26. Rxd1 Qxb2 27.
e6+ Kxe6 28. Qe1 Bc3 29. Qe2 Kf7 30. Kg1 Ba5 31. Rb1 Qxb1 32. Qc4+ Kg7 33. Bd4+
Kf8 34. Kh2 Bc7+ 35. g3 Nd6 36. Bc5 Qxc2+ 0-1

[Event "Hull 4NCL International"]
[Site "Hull"]
[Date "2021.10.23"]
[Round "2.15"]
[White "Cawston, M John"]
[Black "Ibbitson, Anthony"]
[Result "1-0"]
[WhiteElo "1861"]
[BlackElo "1735"]
[PlyCount "71"]
[EventDate "2021.10.22"]

1. e4 e5 2. Nf3 Nc6 3. Bb5 Bc5 4. c3 d6 5. O-O Nf6 6. Qe2 O-O 7. d3 a6 8. Ba4
b5 9. Bb3 h6 10. Nbd2 Be6 11. Re1 Nh5 12. Nf1 Nf6 13. Be3 Bg4 14. h3 Bh5 15.
Ng3 Bg6 16. Nh4 Bh7 17. Nhf5 Ne7 18. Rad1 Qd7 19. Nxe7+ Qxe7 20. f3 Bxe3+ 21.
Qxe3 c5 22. d4 c4 23. dxe5 dxe5 24. Bc2 Rfd8 25. a4 Nd5 26. Rxd5 Rxd5 27. exd5
Bxc2 28. axb5 axb5 29. Qxe5 Qc5+ 30. Kh2 Rd8 31. Nh5 f6 32. Qe6+ Kh7 33. Qf7
Qd6+ 34. Kh1 Rd7 35. Nxf6+ Qxf6 36. Qxd7 1-0

[Event "Hull 4NCL International"]
[Site "Hull"]
[Date "2021.10.23"]
[Round "2.16"]
[White "Cukovs, Oleg"]
[Black "Asaad, Asaad"]
[Result "1-0"]
[WhiteElo "1855"]
[BlackElo "1601"]
[PlyCount "91"]
[EventDate "2021.10.22"]

1. e4 d5 2. exd5 Nf6 3. Nc3 Nxd5 4. Bc4 Nb6 5. Bb3 Nc6 6. Nf3 Bg4 7. Bxf7+ Kxf7
8. Ng5+ Kg8 9. Qxg4 Nd4 10. Nb5 h6 11. Qxd4 Qxd4 12. Nxd4 hxg5 13. Ne6 Nd5 14.
Nxg5 e5 15. a3 Be7 16. d3 Nf4 17. Bxf4 exf4 18. Ne4 g5 19. O-O-O b5 20. Rde1
Kf7 21. h3 a5 22. c3 c5 23. Kc2 Rhd8 24. g3 Rd7 25. gxf4 gxf4 26. h4 Rad8 27.
Rh3 Kg6 28. h5+ Kf5 29. h6 Kg4 30. Reh1 f3 31. h7 Rh8 32. Rg3+ Kf4 33. Rg8 Rd8
34. Rxd8 Bxd8 35. Nxc5 Kf5 36. d4 Kg6 37. Kd3 Rxh7 38. Rxh7 Kxh7 39. Ke4 Kg6
40. Kxf3 Kf5 41. Ne4 Be7 42. Ng3+ Ke6 43. Ke4 b4 44. axb4 axb4 45. c4 Kd6 46.
Nf5+ 1-0

[Event "Hull 4NCL International"]
[Site "Hull"]
[Date "2021.10.23"]
[Round "2.17"]
[White "Sainbayar, Anuurai"]
[Black "Porter, Bede"]
[Result "1-0"]
[WhiteElo "1568"]
[BlackElo "1855"]
[PlyCount "45"]
[EventDate "2021.10.22"]

1. b4 d5 2. Bb2 Nf6 3. e3 Bf5 4. c4 e6 5. a3 c5 6. Nf3 cxb4 7. axb4 Bxb4 8.
Qa4+ Nc6 9. Nd4 Qb6 10. Nxf5 exf5 11. Bxf6 gxf6 12. cxd5 O-O-O 13. dxc6 Rhe8
14. cxb7+ Kb8 15. Be2 f4 16. O-O fxe3 17. dxe3 Rg8 18. Bf3 Bc5 19. Qf4+ Bd6 20.
Qa4 Bc5 21. Na3 h5 22. Nc4 Qc7 23. Rfc1 1-0

[Event "Hull 4NCL International"]
[Site "Hull"]
[Date "2021.10.23"]
[Round "2.20"]
[White "Connor, Michael I"]
[Black "Robson, Paul E"]
[Result "0-1"]
[WhiteElo "1773"]
[BlackElo "1957"]
[PlyCount "99"]
[EventDate "2021.10.22"]

1. Nf3 c5 2. g3 Nc6 3. Bg2 g6 4. d4 cxd4 5. Nxd4 Bg7 6. Nb3 Nf6 7. c4 O-O 8.
O-O d6 9. Nc3 Bd7 10. e4 Rc8 11. Qe2 a6 12. h3 Ne5 13. Nd2 Bc6 14. f4 Ned7 15.
Rd1 Nh5 16. Nf1 Bxc3 17. bxc3 Qa5 18. Bd2 b6 19. g4 Ng7 20. Ne3 Nc5 21. Nd5
Rfe8 22. Rdb1 Nd7 23. Rb4 e6 24. Ne3 Qc5 25. Kh2 f5 26. g5 fxe4 27. Ng4 Nf5 28.
Bxe4 Bxe4 29. Qxe4 a5 30. Ra4 Qc7 31. Qe2 Qc6 32. Ra3 Qxc4 33. Qf2 Qc5 34. Rb3
Qxf2+ 35. Nxf2 Rc4 36. Rab1 e5 37. Re1 e4 38. Be3 Nxe3 39. Rxe3 Kf7 40. Kg3 d5
41. Nd1 Rec8 42. Nb2 R4c6 43. Kg4 Ke6 44. h4 Nc5 45. Rb5 Rf8 46. Rh3 Kd6 47. h5
Ne6 48. Nd1 Rxf4+ 49. Kg3 Rf3+ 50. Kg2 0-1

[Event "Hull 4NCL International"]
[Site "Hull"]
[Date "2021.10.23"]
[Round "2.21"]
[White "Turner, Tim M"]
[Black "Dukalev, Oleg"]
[Result "1/2-1/2"]
[WhiteElo "1893"]
[BlackElo "1728"]
[PlyCount "135"]
[EventDate "2021.10.22"]

1. d4 Nf6 2. Nf3 g6 3. Nc3 d5 4. Bf4 Bg7 5. Qd2 Ne4 6. Nxe4 dxe4 7. Ne5 Nd7 8.
Nxd7 Qxd7 9. e3 O-O 10. Rd1 c6 11. Be2 Rd8 12. Qc1 Qf5 13. O-O Bd7 14. f3 exf3
15. Rxf3 Qa5 16. a3 Bg4 17. Rf2 Bxe2 18. Rxe2 Qb5 19. c4 Qh5 20. Red2 e6 21. e4
g5 22. Be3 h6 23. c5 f5 24. exf5 exf5 25. Bf2 Rd5 26. b4 a6 27. Qc4 Kh8 28. Qe2
Qxe2 29. Rxe2 Rad8 30. Re7 R5d7 31. Rxd7 Rxd7 32. Kf1 Kg8 33. Ke2 Kf7 34. Kd3
f4 35. Kc4 Ke6 36. a4 h5 37. h3 g4 38. hxg4 hxg4 39. g3 f3 40. Re1+ Kf5 41. Kd3
Bf6 42. Re4 Bg5 43. Re5+ Kf6 44. Re4 Rh7 45. Rxg4 Rh2 46. Be3 Bxe3 47. Kxe3 Rb2
48. Rf4+ Ke6 49. Re4+ Kd5 50. Kxf3 Rxb4 51. g4 Rxa4 52. g5 Ra1 53. Rg4 Rf1+ 54.
Kg3 Rf7 55. g6 Rg7 56. Kf4 Kxd4 57. Kf5+ Kxc5 58. Kf6 Rg8 59. g7 a5 60. Kf7
Rxg7+ 61. Rxg7 a4 62. Ke6 b5 63. Rg5+ Kc4 64. Kd6 a3 65. Kxc6 b4 66. Rg4+ Kc3
67. Kb5 a2 68. Rg3+ 1/2-1/2